Annual review . . . academic year /

Bibliographic Details
Previous Title:Texas A & M University. Placement Center Annual Review.
Corporate Author: Texas A & M University. Career Planning and Placement Office (Author)
Format: Journal
Language:English
Published: [College Station, Texas] : Texas A&M University Placement Office, 1975-
Subjects:

MARC

Tag First Indicator Second Indicator Subfields
LEADER 00000nas a2200000Ii 4500
001 in00004589528
008 220808d197519uutxubr p s0 0eng d
005 20220808180614.9
035 |a (OCoLC)on1339099380 
040 |a TXA  |b eng  |e rda  |c TXA 
035 |a (OCoLC)1339099380 
043 |a n-us-tx 
090 |a LB2343.5  |b .T94 
110 2 |a Texas A & M University.  |b Career Planning and Placement Office,  |e author,  |e issuing body. 
245 1 0 |a Annual review . . . academic year /  |c Placement Office. 
246 1 |i Fall 1977/78- has title:  |a Semi-annual review 
246 1 3 |a Texas A & M University Career Planning and Placement Office semi-annual review 
246 1 3 |a Texas A & M University Career Planning and Placement Office annual review 
246 1 3 |a Career Planning and Placement Office annual review 
246 1 3 |a Career Planning and Placement Office semi-annual review 
264 1 |a [College Station, Texas] :  |b Texas A&M University Placement Office,  |c 1975- 
300 |a volumes ;  |c 28 cm 
310 |a Semiannual,  |b Fall 1977/78- 
321 |a Annual,  |b 1974/75-1976/77. 
336 |a text  |b txt  |2 rdacontent 
337 |a unmediated  |b n  |2 rdamedia 
338 |a volume  |b nc  |2 rdacarrier 
362 1 |a Begnan with 1974/75 academic year. 
588 0 |a 1974/75: title from cover. 
588 1 |a Fall 1980. 
610 2 0 |a Texas A & M University  |x Alumni and alumnae  |x Employment  |v Periodicals. 
650 0 |a College graduates  |x Employment  |z Texas  |v Periodicals. 
650 0 |a College placement services  |z Texas  |z College Station  |v Periodicals. 
780 0 0 |a Texas A & M University. Placement Center  |t Annual Review. 
994 |a Z0  |b TXA 
948 |h HELD BY TXA - 0 OTHER HOLDINGS 
999 f f |s 3136a5ff-1707-401f-9458-b9932e8bcdf3  |i 3136a5ff-1707-401f-9458-b9932e8bcdf3  |t 0 
952 f f |p noncirc  |a Texas A&M University  |b College Station  |c Cushing Memorial Library & Archives  |d Cushing: Texas A&M (Does not check out)  |t 0  |e LB2343.5 T94  |h Library of Congress classification  |i unmediated -- volume  |l 1979:fall  |m A14852920457 
952 f f |p noncirc  |a Texas A&M University  |b College Station  |c Cushing Memorial Library & Archives  |d Cushing: Texas A&M (Does not check out)  |t 0  |e LB2343.5 T94  |h Library of Congress classification  |i unmediated -- volume  |l 1980:fall  |m A14852920479 
952 f f |p noncirc  |a Texas A&M University  |b College Station  |c Cushing Memorial Library & Archives  |d Cushing: Texas A&M (Does not check out)  |t 0  |e LB2343.5 T94  |h Library of Congress classification  |i unmediated -- volume  |l 1975/76  |m A14852920413 
952 f f |p noncirc  |a Texas A&M University  |b College Station  |c Cushing Memorial Library & Archives  |d Cushing: Texas A&M (Does not check out)  |t 0  |e LB2343.5 T94  |h Library of Congress classification  |i unmediated -- volume  |l 1977/78:fall  |m A14852920435 
952 f f |p noncirc  |a Texas A&M University  |b College Station  |c Cushing Memorial Library & Archives  |d Cushing: Texas A&M (Does not check out)  |t 0  |e LB2343.5 T94  |h Library of Congress classification  |i unmediated -- volume  |l 1980:spring  |m A14852920468 
952 f f |p noncirc  |a Texas A&M University  |b College Station  |c Cushing Memorial Library & Archives  |d Cushing: Texas A&M (Does not check out)  |t 0  |e LB2343.5 T94  |h Library of Congress classification  |i unmediated -- volume  |l 1976/77  |m A14852920424 
952 f f |p noncirc  |a Texas A&M University  |b College Station  |c Cushing Memorial Library & Archives  |d Cushing: Texas A&M (Does not check out)  |t 0  |e LB2343.5 T94  |h Library of Congress classification  |i unmediated -- volume  |l 1974/75  |m A14852920402 
952 f f |p noncirc  |a Texas A&M University  |b College Station  |c Cushing Memorial Library & Archives  |d Cushing: Texas A&M (Does not check out)  |t 0  |e LB2343.5 T94  |h Library of Congress classification  |i unmediated -- volume  |l 1978:spring  |m A14852920446 
998 f f |a LB2343.5 T94  |s 1974/75-1980:fall  |t 0  |l Cushing: Texas A&M (Does not check out)